000 00679nam a2200193 a 4500
003 0
005 20250211103034.0
008 120719s19uu xx 00 eng d
050 _aPGS HQ 1220
_b.L477 2012
100 _aLee, Jun Hyuk.
245 _aGender and personal hygiene /
_cJun Hyuk Lee.
260 _aLas PiƱas City, Philippines :
_bSouthville International School and Colleges,
_c2012.
300 _a24 pages :
_billustrations ;
_c28 cm.
504 _aIncludes bibliographical references.
650 _aPersonal hygiene in children.
650 _aHygiene habits
_vSex differences.
650 _aGender differences in personal health practices.
942 _2lcc
_cPASS
999 _c98757
_d98757